|
|
|
|
| LEADER |
01431nam a22002777a 4500 |
| 001 |
9681 |
| 003 |
BD-DhAAL |
| 005 |
20231211103157.0 |
| 008 |
180714m20101999B ||||| |||| 00| 0 en d |
| 020 |
|
|
|a 9789845060530
|
| 020 |
|
|
|a 9840502077
|
| 040 |
|
|
|a BD-DhAAL
|c BD-DhAAL
|
| 082 |
|
|
|a 954.92
|
| 100 |
|
|
|a মামুন, মুনতাসীর
|9 27155
|
| 245 |
|
|
|a সেই সব পাকিস্তানী /
|c মুনতাসীর মামুন
|
| 260 |
|
|
|a ঢাকা :
|b ইউনিভার্সিটি প্রেস লিমিটেড,
|c ১৯৯৯, ২০১০ [পুনর্মুদ্রণ ২০০১]
|
| 300 |
|
|
|a ১৯০ পৃষ্ঠা ;
|c ২২ সে. মি.
|
| 526 |
|
|
|a BIED
|
| 541 |
|
|
|a Complimentary copy from BIED
|e 9681, 35544
|
| 651 |
|
|
|a Bangladesh
|x History
|y Revolution,1971.
|9 27156
|
| 651 |
|
|
|a বাংলাদেশ
|x ইতিহাস
|y মুক্তিযুদ্ধ, ১৯৭১.
|9 42186
|
| 852 |
|
|
|a Ayesha Abed Library
|
| 942 |
|
|
|2 ddc
|c BK
|
| 999 |
|
|
|c 39738
|d 39738
|
| 952 |
|
|
|0 0
|1 0
|2 ddc
|4 0
|6 954_920000000000000_MAM
|7 0
|9 63766
|a SCL
|b SCL
|c GEN
|d 2018-07-14
|e Development Book Agency
|g 198.00
|l 1
|m 1
|o 954.92 MAM
|p 3020009681
|r 2023-06-10
|s 2023-05-29
|t 1
|w 2018-07-14
|y BK
|
| 952 |
|
|
|0 0
|1 0
|2 ddc
|4 0
|6 954_920000000000000_MAM
|7 0
|9 69405
|a BRACUL
|b BRACUL
|c BNC
|d 2021-10-24
|e Complimentary copy from BIED
|l 0
|o 954.92 MAM
|p 3010035544
|r 2021-10-24
|t 2
|w 2021-10-24
|y BK
|x BIED-1114
|